The challenge of democracy : (Record no. 2440)
[ view plain ]
| 000 -LEADER | |
|---|---|
| fixed length control field | 00805cam a2200229 4500 |
| 001 - CONTROL NUMBER | |
| control field | 3036 |
| 005 - DATE AND TIME OF LATEST TRANSACTION | |
| control field | 20181127170349.0 |
| 008 - FIXED-LENGTH DATA ELEMENTS--GENERAL INFORMATION | |
| fixed length control field | 910404s1992 maua b 001 0 eng |
| 010 ## - LIBRARY OF CONGRESS CONTROL NUMBER | |
| LC control number | 91071985 |
| 020 ## - INTERNATIONAL STANDARD BOOK NUMBER | |
| International Standard Book Number | 0395472873 |
| International Standard Book Number | 0395660114 (student text) |
| International Standard Book Number | 0395664578 (examination text) |
| 100 1# - MAIN ENTRY--PERSONAL NAME | |
| Personal name | Janda, Kenneth. |
| 245 14 - TITLE STATEMENT | |
| Title | The challenge of democracy : |
| Remainder of title | government in America / |
| Statement of responsibility, etc. | Kenneth Janda, Jeffrey M. Berry, Jerry Goldman. |
| 250 ## - EDITION STATEMENT | |
| Edition statement | 3rd ed. |
| 260 ## - PUBLICATION, DISTRIBUTION, ETC. | |
| Place of publication, distribution, etc. | Boston : |
| Name of publisher, distributor, etc. | Houghton Mifflin Co., |
| Date of publication, distribution, etc. | c1993. |
| 300 ## - PHYSICAL DESCRIPTION | |
| Extent | xxiii, 759, 96 p. : |
| Other physical details | ill. (some col.) ; |
| Dimensions | 26 cm. |
| 504 ## - BIBLIOGRAPHY, ETC. NOTE | |
| Bibliography, etc. note | Includes bibliographical references (2nd group, p. 37-63) and indexes. |
| 651 #0 - SUBJECT ADDED ENTRY--GEOGRAPHIC NAME | |
| Geographic name | United States |
| General subdivision | Politics and government. |
| 700 1# - ADDED ENTRY--PERSONAL NAME | |
| Personal name | Berry, Jeffrey M., |
| Dates associated with a name | 1948- |
| Personal name | Goldman, Jerry. |
| Withdrawn status | Lost status | Source of classification or shelving scheme | Damaged status | Not for loan | Collection code | Home library | Current library | Shelving location | Serial Enumeration / chronology | Inventory number | Total Checkouts | Full call number | Barcode | Date last seen | Date last checked out | Price effective from | Koha item type |
|---|---|---|---|---|---|---|---|---|---|---|---|---|---|---|---|---|---|
| Dewey Decimal Classification | Main TEST | RTC Library | RTC Library | Main opac | 1132 | 2 | 320.473 JAN | 30005801 | 17/04/2019 | 09/04/2019 | 27/11/2018 | Main |